[Event "ESP-ch (Women)"]
[Site "Linares"]
[Date "2017.08.23"]
[Round "4"]
[White "De la Fuente de la Fuente, Alba"]
[Black "Vicens Company, Maria Antonia"]
[Result "0-1"]
[WhiteElo "1322"]
[BlackElo "1838"]
[PlyCount "108"]
[EventDate "2017.08.21"]
[EventType "swiss"]
[EventRounds "9"]
[EventCountry "ESP"]
[SourceTitle "CBM 180 Extra"]
[Source "ChessBase"]
[SourceDate "2017.10.06"]
[SourceVersion "1"]
[SourceVersionDate "2017.10.06"]
[SourceQuality "1"]

1. e4 e5 2. Nf3 Nf6 3. Nc3 Bb4 4. d3 0-0 5. Be2 d5 6. exd5 e4 7. dxe4 Nxe4 8. Bd2 Nxd2 9. Qxd2 Re8 10. 0-0 c6 11. Bc4 b5 12. Bb3 c5 13. a3 Bxc3 14. Qxc3 c4 15. Ba2 Qxd5 16. a4 a6 17. Rad1 Qb7 18. Rfe1 Be6 19. b3 Nd7 20. bxc4 Nb6 21. axb5 axb5 22. Bb3 bxc4 23. Rxe6 fxe6 24. Bxc4 Nxc4 25. Qxc4 Qa6 26. Qc3 Rac8 27. Qb3 Qc4 28. Nd4 Red8 29. Qe3 Re8 30. Re1 Qc3 31. Qe5 Ra8 32. h3 Rad8 33. Nxe6 Qxe5 34. Rxe5 Rd6 35. Ra5 Rexe6 36. Ra8+ Kf7 37. c4 Rc6 38. Ra7+ Kg6 39. g4 Re4 40. Kg2 Rexc4 41. Ra5 R4c5 42. Ra7 h5 43. gxh5+ Rxh5 44. Ra3 Rf6 45. f3 Rg5+ 46. Kf2 Rb6 47. f4 Rgb5 48. Rg3+ Kh6 49. Rg4 Rb3 50. Rh4+ Kg6 51. Rg4+ Kf7 52. h4 Ra6 53. Rg1 Ra2+ 54. Kf1 Rb1# 0-1